[Event "Team women chess final 2021"]
[Site "?"]
[Date "2021.05.01"]
[Round "1.1"]
[White "Lagno, Kateryna"]
[Black "Protopopova, Anastasiya"]
[Result "1-0"]
[WhiteElo "2546"]
[BlackElo "2267"]
[PlyCount "77"]
[EventDate "2021.??.??"]

1. e4 c6 2. Nc3 d5 3. Nf3 Bg4 4. h3 Bxf3 5. Qxf3 e6 6. d4 dxe4 7. Qxe4 Nf6 8.
Qd3 Be7 9. Be2 O-O 10. O-O Na6 11. a3 c5 12. Be3 cxd4 13. Bxd4 Bc5 14. Rad1
Bxd4 15. Qxd4 Nc7 16. Bf3 Qc8 17. Ne4 Nxe4 18. Bxe4 Nd5 19. Bxd5 exd5 20. c3
Rd8 21. Rfe1 Qc7 22. Re5 h6 23. g3 Rd7 24. Rxd5 Rxd5 25. Qxd5 Qb6 26. Rd2 Re8
27. Kg2 g6 28. c4 Kg7 29. c5 Qa6 30. Rd3 Re1 31. b4 h5 32. Qd7 Rb1 33. Qd4+ Kg8
34. Qe4 Kh7 35. g4 Re1 36. Qd5 hxg4 37. Qxf7+ Kh6 38. Qf4+ g5 39. Rd6+ 1-0

[Event "Team women chess final 2021"]
[Site "?"]
[Date "2021.05.01"]
[Round "1.2"]
[White "Lysenko, Margarita"]
[Black "Shuvalova, Polina"]
[Result "0-1"]
[WhiteElo "2207"]
[BlackElo "2484"]
[PlyCount "70"]
[EventDate "2021.??.??"]

1. d4 Nf6 2. c4 e6 3. Nc3 Bb4 4. e3 O-O 5. Nge2 d5 6. cxd5 exd5 7. g3 Re8 8.
Bg2 Na6 9. O-O c6 10. Qc2 Bf8 11. a3 h5 12. f3 c5 13. Kh1 Bd7 14. Bd2 Rc8 15.
Rad1 cxd4 16. Nxd4 Nc5 17. Qb1 a5 18. b4 axb4 19. axb4 Ne6 20. Nce2 Rc4 21. Rc1
Nxd4 22. Nxd4 Qb6 23. Qb3 Rec8 24. Rb1 Bd6 25. Rfe1 h4 26. g4 Bb8 27. Bf1 Nxg4
28. fxg4 Bxg4 29. Qd3 Re8 30. Rb2 Qc7 31. Re2 Rxd4 32. Qxd4 Bxe2 33. Qxh4 Bxf1
34. Rb1 Bd3 35. Rc1 Qe5 0-1

[Event "Team women chess final 2021"]
[Site "?"]
[Date "2021.05.01"]
[Round "1.3"]
[White "Bivol, Alina"]
[Black "Smirnova, Ekaterina"]
[Result "1-0"]
[WhiteElo "2385"]
[BlackElo "2240"]
[PlyCount "115"]
[EventDate "2021.??.??"]

1. e4 c6 2. Nf3 d5 3. d3 dxe4 4. dxe4 Qxd1+ 5. Kxd1 Bg4 6. Be2 Nd7 7. Nfd2
Bxe2+ 8. Kxe2 Ngf6 9. f3 e6 10. a4 h5 11. Nc4 Bc5 12. Rd1 O-O-O 13. Bg5 Nb6 14.
Nbd2 Nxc4 15. Nxc4 Rxd1 16. Rxd1 Nd7 17. Be3 Bxe3 18. Kxe3 Kc7 19. b3 Rd8 20.
Rf1 f6 21. f4 b5 22. Nb2 a5 23. Ra1 Ra8 24. g3 Nb6 25. h3 f5 26. g4 hxg4 27.
hxg4 bxa4 28. Nxa4 Nxa4 29. Rxa4 fxg4 30. Ra1 Rh8 31. Rxa5 Rh2 32. c3 g6 33.
Rg5 Kd6 34. b4 Rc2 35. Kd3 Rf2 36. Rxg4 Rf1 37. Kc4 Rf3 38. e5+ Kd7 39. Rxg6
Rxf4+ 40. Kc5 Rf7 41. c4 Rh7 42. Rg8 Rh4 43. Rg7+ Kd8 44. b5 cxb5 45. cxb5 Re4
46. b6 Kc8 47. b7+ Kb8 48. Kd6 Rb4 49. Kxe6 Rb1 50. Rd7 Rh1 51. Kd6 Rd1+ 52.
Ke7 Re1 53. e6 Rf1 54. Kd6 Rd1+ 55. Kc5 Rc1+ 56. Kb4 Re1 57. e7 Ka7 58. Rd8 1-0

[Event "Team women chess final 2021"]
[Site "?"]
[Date "2021.05.01"]
[Round "1.4"]
[White "Lukina, Aleksandra"]
[Black "Voit, Daria"]
[Result "0-1"]
[WhiteElo "2051"]
[BlackElo "2360"]
[PlyCount "58"]
[EventDate "2021.??.??"]

1. d4 d5 2. c4 dxc4 3. e3 e5 4. Bxc4 exd4 5. exd4 Bd6 6. Nf3 Nf6 7. O-O O-O 8.
Bg5 Nc6 9. h3 h6 10. Be3 Bf5 11. Nc3 a6 12. a3 Qd7 13. Re1 Rfe8 14. b4 b5 15.
Bf1 Ne4 16. Nxe4 Bxe4 17. Nd2 Bd5 18. Nb3 f5 19. Nc5 Qf7 20. f3 Qg6 21. Bf2
Rxe1 22. Bxe1 Qg5 23. Qc1 Bf4 24. Qc3 Nxd4 25. h4 Be3+ 26. Kh1 Qf4 27. Nd3 Qd6
28. Nc5 Re8 29. Rd1 Nxf3 0-1

[Event "Team women chess final 2021"]
[Site "?"]
[Date "2021.05.01"]
[Round "1.5"]
[White "Murashova, Ekaterina"]
[Black "Ushenina, Anna"]
[Result "0-1"]
[WhiteElo "2237"]
[BlackElo "2416"]
[PlyCount "62"]
[EventDate "2021.??.??"]

1. e4 c6 2. d4 d5 3. exd5 cxd5 4. Bd3 Nc6 5. c3 Qc7 6. Na3 a6 7. Nc2 Nf6 8. h3
g6 9. Ne2 Bg7 10. Bf4 e5 11. dxe5 Nxe5 12. O-O O-O 13. Ne3 b6 14. Nd4 Bb7 15.
Bc2 Rfe8 16. Bb3 Qc5 17. Re1 Nc4 18. Rb1 Re4 19. Bg5 h6 20. f3 Ree8 21. Bxc4
dxc4 22. Bh4 b5 23. Bf2 Qg5 24. Ng4 Nxg4 25. hxg4 h5 26. gxh5 Qxh5 27. Rxe8+
Rxe8 28. Ne2 Qg5 29. Kf1 Bc8 30. Qc1 Qf5 31. Qe1 Rxe2 0-1

[Event "Team women chess final 2021"]
[Site "?"]
[Date "2021.05.01"]
[Round "1.6"]
[White "Pogonina, Natalija"]
[Black "Balaian, Alina"]
[Result "1-0"]
[WhiteElo "2472"]
[BlackElo "2249"]
[PlyCount "107"]
[EventDate "2021.??.??"]

1. d4 Nf6 2. c4 g6 3. g3 c5 4. d5 Bg7 5. Nc3 d6 6. Bg2 O-O 7. Nf3 e6 8. O-O
exd5 9. cxd5 Re8 10. Bf4 a6 11. a4 h6 12. Re1 g5 13. Bd2 Bf5 14. h4 g4 15. Nh2
h5 16. e4 Bg6 17. Bf4 Qc7 18. Nf1 Nbd7 19. Nd2 c4 20. Bf1 Nc5 21. Nxc4 Nfxe4
22. Nxe4 Nxe4 23. Rc1 Qc5 24. Re2 Bd4 25. Be3 Bxe3 26. Nxe3 Qa7 27. Qe1 Nxg3
28. fxg3 Bd3 29. Rc3 Bxe2 30. Qxe2 Re5 31. Qf2 Rae8 32. Nxg4 Qxf2+ 33. Nxf2
Rxd5 34. Nd3 Rd4 35. b3 d5 36. Kf2 Rde4 37. Nf4 R8e5 38. Bd3 Rb4 39. Be2 d4 40.
Rc8+ Kg7 41. Nxh5+ Kg6 42. Rg8+ Kh6 43. g4 Rb6 44. Rh8+ Kg6 45. Bd3+ f5 46.
gxf5+ Rxf5+ 47. Bxf5+ Kxf5 48. Ng3+ Kg4 49. Rg8+ Kh3 50. h5 Re6 51. Nf5 Rf6 52.
Rg3+ Kh2 53. Rf3 d3 54. Ne3 1-0

[Event "Team women chess final 2021"]
[Site "?"]
[Date "2021.05.01"]
[Round "1.8"]
[White "Kovanova, Baira"]
[Black "Garmash, Aliona"]
[Result "1-0"]
[WhiteElo "2330"]
[BlackElo "2052"]
[PlyCount "117"]
[EventDate "2021.??.??"]

1. e4 c6 2. d4 d5 3. Nc3 dxe4 4. Nxe4 Bf5 5. Ng3 Bg6 6. Nf3 Nd7 7. Bd3 e6 8.
O-O Ngf6 9. Re1 Be7 10. Bxg6 hxg6 11. Bg5 O-O 12. c4 Qc7 13. a3 Rad8 14. Qc2
Rfe8 15. Rad1 Nb6 16. c5 Nbd5 17. Ne5 Nd7 18. Ne4 Bxg5 19. Nxg5 Nxe5 20. dxe5
Ne7 21. Rd6 Nf5 22. Qa4 a6 23. Red1 Qe7 24. Qg4 a5 25. R1d3 Nh6 26. Qf4 Qc7 27.
Rh3 Qe7 28. Ne4 Qf8 29. Rxh6 gxh6 30. Nf6+ Kg7 31. Nxe8+ Rxe8 32. Rd7 Rb8 33.
h4 Kg8 34. Qd4 Qe8 35. Qd6 h5 36. Qc7 a4 37. g3 Kg7 38. Rxf7+ Qxf7 39. Qxb8 Qe7
40. Qd6 Qf7 41. Qd4 Qc7 42. Kf1 Qe7 43. Ke2 Qc7 44. Kf3 Qf7+ 45. Kg2 Qc7 46.
Qd6 Qf7 47. Qd8 Kh7 48. Qd4 Qe7 49. Qxa4 Qxc5 50. Qb3 Qe7 51. Qb4 Qf7 52. Qd6
Kg7 53. a4 Kh6 54. b4 Qe8 55. Qc7 Qa8 56. a5 c5 57. bxc5 Qa6 58. Qc8 Kg7 59. c6
1-0

[Event "Team women chess final 2021"]
[Site "?"]
[Date "2021.05.02"]
[Round "2.1"]
[White "Bodnaruk, Anastasia"]
[Black "Lagno, Kateryna"]
[Result "0-1"]
[WhiteElo "2457"]
[BlackElo "2546"]
[PlyCount "76"]
[EventDate "2021.??.??"]

1.e4 e5 2.Nf3 Nc6 3.Bb5 a6 4.Ba4 Nf6 5.O-O b5 6.Bb3 Bc5 7.c3
d6 8.a4 Rb8 9.d4 Bb6 10.a5 Ba7 11.h3 O-O 12.Re1 Re8 13.Ng5 Rf8
14.Be3 h6 15.Nf3 Re8 16.Nbd2 exd4 17.cxd4 Nb4 18.Qb1 Bb7 19.e5
Nfd5 20.Qf5 dxe5 21.dxe5 Bxe3 22.fxe3 Bc8 23.Qh5 Be6 24.Ne4 Qe7
25.Nd4 c5 26.Nxe6 fxe6 27.Rf1 Rf8 28.Nf6+ gxf6 29.e4 Nc7 30.Rf4
Qf7 31.Qxh6 Qh7 32.Rg4+ Kh8 33.Qe3 c4 34.Rf1 f5 35.Rg5 fxe4 36.g4
Rxf1+ 37.Kxf1 Ncd5 38.Qc5 Qxh3+ 0-1

[Event "Team women chess final 2021"]
[Site "?"]
[Date "2021.05.02"]
[Round "2.2"]
[White "Shuvalova, Polina"]
[Black "Belenkaya, Dina"]
[Result "1/2-1/2"]
[WhiteElo "2484"]
[BlackElo "2304"]
[PlyCount "104"]
[EventDate "2021.??.??"]

1.e4 c6 2.d4 d5 3.exd5 cxd5 4.Bd3 Nc6 5.c3 Qc7 6.h3 g6 7.Ne2
Bf5 8.Bf4 Qd7 9.Bb5 a6 10.Ba4 Nf6 11.Nd2 Bg7 12.O-O O-O 13.Ng3
b5 14.Bb3 Na5 15.Nxf5 Qxf5 16.Bh2 Nxb3 17.Nxb3 Ne4 18.Qe2 Rfe8
19.a4 Qd7 20.Ra2 bxa4 21.Nc1 e5 22.f3 Nd6 23.dxe5 Nc4 24.f4 f6
25.Nd3 d4 26.Nf2 Ne3 27.Rfa1 fxe5 28.fxe5 Bxe5 29.Bxe5 Rxe5 30.cxd4
Qxd4 31.Rxa4 Qd5 32.Nd3 Rg5 33.Nf4 Qe5 34.Qf3 Re8 35.Rxa6 Rf5
36.Ra8 Rxa8 37.Rxa8+ Kg7 38.Ra4 Nd5 39.Qxd5 Qe1+ 40.Kh2 Rxd5
41.Nxd5 Qe5+ 42.Nf4 g5 43.g3 gxf4 44.Rxf4 Qxb2+ 45.Kg1 Qe2 46.h4
Kg6 47.Kh1 Qe1+ 48.Kg2 h6 49.Kh2 Qe3 50.Kg2 Qd2+ 51.Kg1 h5 52.Kh1
Qe2 1/2-1/2

[Event "Team women chess final 2021"]
[Site "?"]
[Date "2021.05.02"]
[Round "2.3"]
[White "Getman, Tatyana"]
[Black "Kosteniuk, Alexandra"]
[Result "0-1"]
[WhiteElo "2201"]
[BlackElo "2474"]
[PlyCount "62"]
[EventDate "2021.??.??"]

1.d4 Nf6 2.c4 e6 3.Nf3 b6 4.a3 Bb7 5.Nc3 g6 6.Qc2 c5 7.dxc5 bxc5
8.Bf4 Nh5 9.Bg5 f6 10.Bh4 Nc6 11.e3 g5 12.Bg3 g4 13.Nd2 f5 14.Be2
Nxg3 15.hxg3 Bg7 16.Nb5 Qb8 17.Bxg4 fxg4 18.Ne4 Ne5 19.Rd1 Ke7
20.Kf1 Bc6 21.Nbd6 Nf7 22.Nxf7 Kxf7 23.Ng5+ Ke7 24.Rxh7 Rxh7
25.Qxh7 Qxb2 26.Qh4 Rh8 27.Nh7+ Kf7 28.Qh5+ Kg8 29.Rd4 Qb1+ 30.Ke2
Qc2+ 31.Ke1 Qf5 0-1

[Event "Team women chess final 2021"]
[Site "?"]
[Date "2021.05.02"]
[Round "2.4"]
[White "Voit, Daria"]
[Black "Chernyak, Viktoria"]
[Result "0-1"]
[WhiteElo "2360"]
[BlackElo "2329"]
[PlyCount "84"]
[EventDate "2021.??.??"]

1.d4 Nf6 2.c4 e6 3.Nf3 d5 4.g3 dxc4 5.Bg2 a6 6.O-O Nc6 7.Bf4
Bd6 8.Ne5 Nd5 9.Nxc6 bxc6 10.Bxd6 cxd6 11.Na3 a5 12.Qa4 Bb7 13.Nxc4
O-O 14.Rfc1 h6 15.e3 Re8 16.Qa3 Nb4 17.Rc3 Re7 18.Rac1 Rd7 19.Qa4
Ra6 20.Ra3 c5 21.Bxb7 Rxb7 22.dxc5 dxc5 23.Nxa5 Rba7 24.Rxc5
Qd2 25.Rb3 Nd5 26.Rb8+ Kh7 27.Rbb5 f5 28.Kf1 Qd3+ 29.Kg2 Nxe3+
30.fxe3 Qe2+ 31.Kg1 Rd6 32.Qd4 Rxd4 33.exd4 Qd1+ 34.Kg2 Qd2+
35.Kf1 Qxd4 36.a3 Qd3+ 37.Kf2 Qd2+ 38.Kf1 Rd7 39.Nc4 Qxh2 40.Ne3
Qxg3 41.Rc3 Qf3+ 42.Kg1 Rd2 0-1

[Event "Team women chess final 2021"]
[Site "?"]
[Date "2021.05.02"]
[Round "2.5"]
[White "Ushenina, Anna"]
[Black "Vasilevich, Tatjana"]
[Result "1-0"]
[WhiteElo "2416"]
[BlackElo "2355"]
[PlyCount "47"]
[EventDate "2021.??.??"]

1.d4 c5 2.d5 f5 3.e4 fxe4 4.Nc3 Nf6 5.Nge2 g6 6.Ng3 Bg7 7.h4
O-O 8.Ncxe4 d6 9.c3 Na6 10.h5 Nc7 11.hxg6 hxg6 12.Ng5 Ng4 13.Qd3
Qe8 14.f3 Nh6 15.Qe4 e6 16.dxe6 d5 17.Qh4 Nxe6 18.Be2 Nxg5 19.Bxg5
Nf5 20.Nxf5 Rxf5 21.Kf2 Re5 22.Rae1 Bf5 23.Bf6 Re6 24.Qh7+ 1-0

[Event "Team women chess final 2021"]
[Site "?"]
[Date "2021.05.02"]
[Round "2.6"]
[White "Gritsayeva, Oksana"]
[Black "Pogonina, Natalija"]
[Result "1-0"]
[WhiteElo "2336"]
[BlackElo "2472"]
[PlyCount "103"]
[EventDate "2021.??.??"]

1.e4 e5 2.Nc3 Nf6 3.f4 d5 4.fxe5 Nxe4 5.Qf3 Nxc3 6.bxc3 Be7 7.d4
c5 8.Bd3 Nc6 9.Ne2 O-O 10.O-O cxd4 11.cxd4 Nb4 12.Ba3 Nxd3 13.Qxd3
Bxa3 14.Qxa3 Bg4 15.Ng3 Qg5 16.Rf2 Be6 17.Raf1 Rfc8 18.Nf5 Rc7
19.Nd6 Qg6 20.c3 Qd3 21.Rf3 Qc2 22.h3 b6 23.R1f2 Qb1+ 24.Kh2
h6 25.Rb2 Qc1 26.Qb3 Rd8 27.Rbf2 Rb8 28.Rc2 Qg5 29.Qb1 Qg6 30.Qd1
a6 31.Rcf2 b5 32.Rg3 Qh7 33.Qb3 h5 34.Qa3 Rc6 35.Rgf3 Rf8 36.Nb7
Qg6 37.Qe7 Rcc8 38.Nd6 Rcd8 39.Rg3 Qh6 40.Nxf7 Bxf7 41.Rxf7 Rxf7
42.Qxd8+ Kh7 43.Qxd5 Rf1 44.Qe4+ Kg8 45.Qg6 Qxg6 46.Rxg6 Rc1
47.Rxa6 Rxc3 48.e6 Kf8 49.d5 Ke7 50.Ra7+ Kf6 51.Rf7+ Kg6 52.d6 1-0

[Event "Team women chess final 2021"]
[Site "?"]
[Date "2021.05.02"]
[Round "2.7"]
[White "Girya, Olga"]
[Black "Potapova, Margarita"]
[Result "1/2-1/2"]
[WhiteElo "2451"]
[BlackElo "2252"]
[PlyCount "206"]
[EventDate "2021.??.??"]

1.d4 Nf6 2.c4 e6 3.Nf3 b6 4.g3 Bb7 5.Bg2 Be7 6.O-O O-O 7.Nc3
Ne4 8.Qc2 Nxc3 9.Qxc3 f5 10.Bf4 Bf6 11.Qe3 Re8 12.Rac1 d6 13.Rfd1
h6 14.c5 g5 15.Be5 Bd5 16.cxd6 cxd6 17.Bxf6 Qxf6 18.Ne1 Nd7 19.Qa3
Qe7 20.Rc7 a5 21.Rdc1 Bxg2 22.Nxg2 b5 23.Qd3 Rab8 24.Ne3 Qf7
25.Qa3 Qe7 26.Qxa5 Red8 27.Ra7 f4 28.Nf1 Qf6 29.Rcc7 Nf8 30.Qb4
h5 31.Nd2 Qf5 32.Qb3 Rbc8 33.Qf3 Rxc7 34.Rxc7 h4 35.Qe4 fxg3
36.fxg3 hxg3 37.hxg3 d5 38.Qxf5 exf5 39.Nf3 Ne6 40.Rc6 Kf7 41.Rb6
Ke7 42.e3 f4 43.gxf4 gxf4 44.exf4 Rf8 45.Kf2 Rxf4 46.Kg3 Rf8
47.a3 Rf5 48.Rb8 Kd6 49.Rb6+ Ke7 50.Rb8 Kd6 51.Rg8 Ke7 52.Rh8
Kd6 53.Rh6 Ke7 54.Rh2 Rf8 55.Re2 Kd6 56.Re3 Rc8 57.Rb3 Rc4 58.Rxb5
Nxd4 59.Nxd4 Rxd4 60.Kf3 Ke5 61.Rb8 Rd3+ 62.Ke2 Rh3 63.a4 Ke4
64.Re8+ Kd4 65.Kd2 Rh2+ 66.Re2 Rh8 67.b3 Rh7 68.Rg2 Rh4 69.Kc2
Ke3 70.Rg3+ Kd4 71.Rg2 Kc5 72.Rg8 Rh2+ 73.Kd3 Rh3+ 74.Kc2 Rh2+
75.Kb1 d4 76.Rb8 d3 77.Rd8 Kb4 78.Rxd3 Rg2 79.Kc1 Rh2 80.Rg3
Rf2 81.Rd3 Rh2 82.Rd2 Rh4 83.Kc2 Rg4 84.Rh2 Rf4 85.Rg2 Rh4 86.Re2
Rg4 87.Kb2 Rh4 88.Rc2 Rg4 89.Rd2 Rh4 90.Kc2 Rg4 91.Rd3 Rg2+ 92.Kd1
Rh2 93.Re3 Rg2 94.Rd3 Rh2 95.Kc1 Rg2 96.Rd2 Rg4 97.Kb2 Rh4 98.Kc2
Rg4 99.Rd8 Rg2+ 100.Kd3 Kxb3 101.a5 Kb4 102.a6 Ra2 103.Ra8 Kb5 1/2-1/2

[Event "Team women chess final 2021"]
[Site "?"]
[Date "2021.05.02"]
[Round "2.8"]
[White "Tomilova, Elena"]
[Black "Guseva, Marina"]
[Result "1-0"]
[WhiteElo "2338"]
[BlackElo "2403"]
[PlyCount "75"]
[EventDate "2021.??.??"]

1.Nf3 Nf6 2.g3 e6 3.Bg2 d5 4.O-O b6 5.c4 Bb7 6.b3 Be7 7.Bb2 O-O
8.e3 c5 9.Nc3 dxc4 10.bxc4 Nc6 11.Qe2 Rc8 12.Rfd1 Qc7 13.Rac1
Rfd8 14.d3 Qb8 15.Ng5 h6 16.Nge4 Nxe4 17.Nxe4 f5 18.f4 fxe4 19.Bh3
Rd6 20.Qg4 Bf8 21.Qg6 Re8 22.dxe4 Re7 23.Rxd6 Qxd6 24.Bf5 Re8
25.Bxg7 Bxg7 26.Qxe8+ Qf8 27.Bxe6+ Kh8 28.Qd7 Ba8 29.Rd1 Ne7
30.e5 Bf3 31.Rd2 Nc6 32.Bd5 Bxd5 33.cxd5 Nb4 34.a3 c4 35.axb4
Qxb4 36.Qc8+ Bf8 37.Rf2 c3 38.d6 1-0

[Event "Team women chess final 2021"]
[Site "?"]
[Date "2021.05.03"]
[Round "3.1"]
[White "Lagno, Kateryna"]
[Black "Gunina, Valentina"]
[Result "1-0"]
[WhiteElo "2546"]
[BlackElo "2421"]
[PlyCount "65"]
[EventDate "2021.??.??"]

1.e4 c6 2.Nc3 d5 3.Nf3 dxe4 4.Nxe4 Nf6 5.Qe2 Nxe4 6.Qxe4 Qd5
7.Qh4 Qe6+ 8.Be2 Qg6 9.O-O Qxc2 10.Re1 e6 11.d4 Nd7 12.Bg5 h6
13.Rad1 {%08DA} Bd6 ( 13...Qh7 ) 14.d5 {!} cxd5 15.Rxd5 Qc6 16.Rd4
Qb6 17.Bc4 e5 18.Qh5 g6 19.Qh4 Kf8 {%08DA} 20.Bxh6+
( 20.Rf4 exf4 21.Bxh6+ Kg8 22.Ng5 ) Ke8 21.Qf4 f6 22.Bg7 Rh5
23.Qe4 Rf5 24.Qd5 Kd8 25.Rd3 Bc5 26.Red1 Kc7 27.Qf7 Bxf2+ 28.Kh1
Qc6 29.Be6 Rxf3 30.gxf3 Bd4 31.Bxf6 Kb6 32.Bd8+ Kb5 33.a4+ 1-0

[Event "Team women chess final 2021"]
[Site "?"]
[Date "2021.05.03"]
[Round "3.2"]
[White "Badelka, Olga"]
[Black "Shuvalova, Polina"]
[Result "1/2-1/2"]
[WhiteElo "2433"]
[BlackElo "2484"]
[PlyCount "175"]
[EventDate "2021.??.??"]

1.d4 Nf6 2.c4 e6 3.Nc3 Bb4 4.f3 c5 5.d5 b5 6.e4 O-O 7.Nh3 d6
8.Nf4 exd5 9.cxd5 Qb6 10.Be3 Nbd7 11.Be2 Ne5 12.O-O Bd7 13.Bf2
Rfb8 14.Qc1 a5 15.Nd1 a4 16.a3 Ba5 17.Bh4 c4+ 18.Kh1 Ne8 19.Nh5
Rc8 20.Qg5 h6 21.Qg3 Ng6 22.f4 Nxh4 23.Qxh4 Qd4 24.Nc3 Bxc3 25.bxc3
Qxc3 26.e5 dxe5 27.Qe7 Rc7 28.d6 Rca7 29.Bf3 Bc6 30.Qxe5 Qxe5
31.fxe5 Bxf3 32.gxf3 f6 33.f4 g5 34.Rad1 Rd8 35.Rg1 Kf7 36.fxg5
hxg5 37.Rd5 b4 38.axb4 a3 39.b5 a2 40.Ra1 fxe5 41.b6 Rb7 42.Rxa2
Rxb6 43.Rxe5 Kg6 44.Ng3 Nxd6 45.Re6+ Kf7 46.Rh6 c3 47.Ra7+ Rb7
48.Rxb7+ Nxb7 49.Rc6 Rd1+ 50.Kg2 Rd2+ 51.Kf3 Nd8 52.Rxc3 Rxh2
53.Rc7+ Kg6 54.Ra7 Rc2 55.Ra5 Rc3+ 56.Kg4 Rc4+ 57.Kf3 Nc6 58.Ra6
g4+ 59.Ke3 Kg5 60.Ne4+ Kh5 61.Ra8 Ne7 62.Ra5+ Kh4 63.Ra8 Nf5+
64.Kf4 Ng3 65.Rh8+ Nh5+ 66.Ke3 Rc6 67.Kf2 Ra6 68.Ke3 Ra3+ 69.Kf2
Ra5 70.Ke3 Rf5 71.Ke2 Re5 72.Kd3 g3 73.Nxg3 Kxg3 74.Kd4 Ra5 75.Rf8
Nf4 76.Rg8+ Kf3 77.Rf8 Rd5+ 78.Kc4 Rd7 79.Kc5 Rd1 80.Kc6 Ke4
81.Re8+ Kf5 82.Re3 Nd3 83.Rh3 Ne5+ 84.Kc5 Nd7+ 85.Kc6 Ke6 86.Rh6+
Nf6 87.Kc5 Ke5 88.Rh8 1/2-1/2

[Event "Team women chess final 2021"]
[Site "?"]
[Date "2021.05.03"]
[Round "3.3"]
[White "Kosteniuk, Alexandra"]
[Black "Maltsevskaya, Aleksandra"]
[Result "1/2-1/2"]
[WhiteElo "2474"]
[BlackElo "2360"]
[PlyCount "115"]
[EventDate "2021.??.??"]

1.e4 c5 2.Nf3 e6 3.d4 cxd4 4.Nxd4 Nc6 5.Nc3 a6 6.Bf4 Nf6 7.e5
Nd5 8.Nxd5 exd5 9.Be2 Qb6 10.Nb3 d6 11.Be3 Qd8 12.exd6 Bxd6 13.c3
Ne7 14.Bg4 O-O 15.Bxc8 Rxc8 16.Qf3 Qd7 17.O-O Rfe8 18.Rfd1 Rc6
19.g3 h6 20.Rd3 Be5 21.Rad1 Rf6 22.Qh5 Rf5 23.Qh3 Qa4 24.Bc5
Rf6 25.Re1 Ng6 26.Ba3 Bd6 27.Rxe8+ Qxe8 28.Re3 Qa4 29.Qc8+ Kh7
30.Bxd6 Rxd6 31.Qxb7 Qxa2 32.Nd4 Rf6 33.Kg2 Qb1 34.Qb3 Qc1 35.Qc2
Qxc2 36.Nxc2 Rb6 37.b4 a5 38.Rd3 Ne7 39.bxa5 Ra6 40.Re3 Ng6 41.f4
Rxa5 42.Kf3 Rc5 43.Nd4 Nf8 44.Ke2 Nd7 45.Re7 Nf6 46.Kd3 Kg8 47.Ne2
Rc4 48.Rb7 g5 49.Rb4 Rc7 50.Rb6 Kg7 51.Nd4 gxf4 52.gxf4 Ng4 53.Nf5+
Kh7 54.h3 Nf2+ 55.Kd4 Rc4+ 56.Kxd5 Rxc3 57.Rxh6+ Kg8 58.Ne7+ 1/2-1/2

[Event "Team women chess final 2021"]
[Site "?"]
[Date "2021.05.03"]
[Round "3.4"]
[White "Solozhenkina, Elizaveta"]
[Black "Bivol, Alina"]
[Result "0-1"]
[WhiteElo "2308"]
[BlackElo "2385"]
[PlyCount "142"]
[EventDate "2021.??.??"]

1.d4 Nf6 2.c4 g6 3.g3 c5 4.Nf3 Bg7 5.Bg2 Qa5+ 6.Nbd2 cxd4 7.Nxd4
Nc6 8.N4b3 Qa4 9.O-O O-O 10.Nc5 Qxd1 11.Rxd1 d6 12.Nd3 Rd8 13.e4
Nd7 14.Rb1 a5 15.Nf1 Nb4 16.Nxb4 axb4 17.a3 Ne5 18.Ne3 Be6 19.Nd5
Bg4 20.Rf1 Be2 21.Re1 Bd3 22.Ra1 Nc6 23.Bf1 Bxf1 24.Kxf1 e6 25.Ne3
Ne5 26.Rd1 Rdc8 27.Rxd6 Nxc4 28.Nxc4 Rxc4 29.Rb1 Rxc1+ 30.Rxc1
Bxb2 31.Rb1 bxa3 32.Rd2 Kf8 33.Rdxb2 axb2 34.Rxb2 Rb8 35.Ke2
Ke7 36.h4 b5 37.Kd3 Kd6 38.Kd4 e5+ 39.Kc3 Kc6 40.Rd2 Ra8 41.Kb2
Ra4 42.f3 Rd4 43.Rc2+ Kb6 44.h5 Rd3 45.hxg6 hxg6 46.Rf2 Kc5 47.f4
f6 48.fxe5 fxe5 49.g4 Rg3 50.Rd2 Rxg4 51.Rd5+ Kc4 52.Rxe5 Kd4
53.Rxb5 Rxe4 54.Rg5 Re6 55.Kc2 Ke3 56.Rg1 Rd6 57.Kc1 Kf4 58.Rf1+
Ke5 59.Re1+ Kf6 60.Rf1+ Kg7 61.Rg1 Rd5 62.Kc2 g5 63.Rd1 Rxd1
64.Kxd1 Kg6 65.Ke2 Kh5 66.Kf2 Kh4 67.Kg1 Kg3 68.Kh1 Kf2 69.Kh2
g4 70.Kh1 Kg3 71.Kg1 Kh3 0-1

[Event "Team women chess final 2021"]
[Site "?"]
[Date "2021.05.03"]
[Round "3.5"]
[White "Vasilevich, Tatjana"]
[Black "Shafigullina, Zarina"]
[Result "1-0"]
[WhiteElo "2355"]
[BlackElo "2293"]
[PlyCount "69"]
[EventDate "2021.??.??"]

1.d4 Nf6 2.Nf3 e6 3.Bf4 c5 4.e3 b6 5.c3 Bb7 6.Bd3 Be7 7.h3 O-O
8.Nbd2 cxd4 9.exd4 h6 10.Qe2 a6 11.O-O-O Nd5 12.Bh2 b5 13.Kb1
Nb6 14.g4 d5 15.h4 g6 16.Bf4 Kg7 17.Qe5+ f6 18.Qxe6 Nc6 19.g5
h5 20.gxf6+ Rxf6 21.Qe3 Bc8 22.Rdg1 Nc4 23.Nxc4 bxc4 24.Bc2 Bf5
25.Bh6+ Kh7 26.Ng5+ Kxh6 27.Nf7+ Kg7 28.Nxd8 Bxc2+ 29.Kxc2 Rxd8
30.Rg2 Bd6 31.Rhg1 Ne7 32.b3 Nf5 33.Rxg6+ Rxg6 34.Rxg6+ Kxg6
35.Qg5+ 1-0

[Event "Team women chess final 2021"]
[Site "?"]
[Date "2021.05.03"]
[Round "3.6"]
[White "Yakimova, Mariya"]
[Black "Gritsayeva, Oksana"]
[Result "0-1"]
[WhiteElo "2217"]
[BlackElo "2336"]
[PlyCount "146"]
[EventDate "2021.??.??"]

1.d4 Nf6 2.c4 e6 3.g3 c5 4.d5 exd5 5.cxd5 d6 6.Nc3 g6 7.Nf3 Bg7
8.Bg2 O-O 9.O-O Re8 10.Nd2 a6 11.a4 Nbd7 12.h3 Rb8 13.a5 b5 14.axb6
Nxb6 15.Re1 Nfd7 16.Nde4 Qc7 17.Qc2 Bb7 18.Bf4 Ne5 19.Red1 Nbd7
20.Ra2 Bc8 21.g4 Rb4 22.Bg3 Nf6 23.Nd2 h5 24.g5 Nh7 25.f4 h4
26.Bh2 Nc4 27.Nxc4 Rxc4 28.e4 Qb6 29.Bf1 Rb4 30.Re1 Nf8 31.e5
Bf5 32.Qg2 a5 33.Kh1 Nd7 34.e6 Nf8 35.e7 Nh7 36.Bg1 Qc7 37.Nb5
Qb6 38.Na3 a4 39.Nc4 Qc7 40.Qe2 Qd7 41.Kh2 Rb3 42.Ra3 Bd3 43.Qg4
Qxg4 44.hxg4 Bxc4 45.Bxc4 Rxb2+ 46.Kh3 Rb4 47.Bxc5 Rxc4 48.Bxd6
f6 49.Rd3 fxg5 50.Ba3 Nf6 51.d6 gxf4 52.Bb2 Nd7 53.Bxg7 Kxg7
54.g5 Kf7 55.Kxh4 Rc5 56.Kg4 Ne5+ 57.Rxe5 Rxe5 58.d7 Kxe7 59.dxe8Q+
Kxe8 60.Rd6 Ra5 61.Rxg6 a3 62.Re6+ Kf7 63.Re1 a2 64.Ra1 Ra4 65.Kf3
Kg7 66.Kg4 Kg6 67.Kh4 f3+ 68.Kg3 Ra3 69.Kf2 Kxg5 70.Rg1+ Kf5
71.Ra1 Kf4 72.Rh1 Ke4 73.Re1+ Kd4 0-1

[Event "Team women chess final 2021"]
[Site "?"]
[Date "2021.05.03"]
[Round "3.7"]
[White "Potapova, Margarita"]
[Black "Nasyrova, Ekaterina"]
[Result "0-1"]
[WhiteElo "2252"]
[BlackElo "2224"]
[PlyCount "124"]
[EventDate "2021.??.??"]

1.d4 d5 2.c4 e6 3.Nf3 Nf6 4.Nc3 dxc4 5.e4 b5 6.e5 Nfd7 7.Nxb5
Nb6 8.Be2 Bb4+ 9.Nc3 Bb7 10.O-O Qd7 11.a3 Bxc3 12.bxc3 O-O 13.Qc2
Qd5 14.Be3 Qe4 15.Qxe4 Bxe4 16.Nd2 Bd5 17.h4 Nc6 18.h5 h6 19.g4
Na5 20.Rac1 Rfb8 21.g5 hxg5 22.Bxg5 Na4 23.Kh2 Nb3 24.Rc2 Nxd2
25.Bxd2 Kh7 26.Bd1 Nb2 27.Be2 Rb3 28.f3 Rab8 29.Ra1 Nd3 30.Kg3
a5 31.a4 Rb2 32.Rxb2 Rxb2 33.Rd1 Ra2 34.Bxd3+ cxd3 35.c4 Bxc4
36.Bxa5 c6 37.Kf4 Rxa4 38.Bc3 Ra2 39.Rd2 Ra3 40.Bb2 Rb3 41.Kg4
Bd5 42.Kf4 Kg8 43.Ke3 Kh8 44.Kf4 Kh7 45.Kg3 Bc4 46.Kg4 Rb5 47.f4
Bb3 48.Bc1 Bc2 49.Rh2 Rb1 50.Bd2 Bd1+ 51.Kg3 Be2 52.Kf2 Rf1+
53.Ke3 Rf3+ 54.Ke4 Rg3 55.d5 cxd5+ 56.Kd4 Rg1 57.Bc3 Rc1 58.Rf2
Rc2 59.Rh2 d2 60.Bxd2 Rxd2+ 61.Ke3 Ra2 62.Rxe2 Rxe2+ 0-1

[Event "Team women chess final 2021"]
[Site "?"]
[Date "2021.05.03"]
[Round "3.8"]
[White "Nur-Mukhametova, Alisa"]
[Black "Tomilova, Elena"]
[Result "1/2-1/2"]
[WhiteElo "2141"]
[BlackElo "2338"]
[PlyCount "76"]
[EventDate "2021.??.??"]

1.d4 Nf6 2.c4 e6 3.Nf3 b6 4.g3 Bb4+ 5.Bd2 Bxd2+ 6.Nbxd2 Bb7 7.Bg2
c5 8.O-O O-O 9.Qc2 cxd4 10.Nxd4 Bxg2 11.Kxg2 Qc8 12.Rac1 Nc6
13.Nb5 a6 14.Nd6 Qb8 15.N2e4 Nxe4 16.Nxe4 f5 17.Ng5 Qb7 18.Kg1
Rac8 19.Qd3 h6 20.Nf3 Rf7 21.Rfd1 g5 22.Qd6 Qc7 23.c5 g4 24.Qxc7
Rxc7 25.cxb6 Rb7 26.Rxc6 dxc6 27.Ne5 Rxb6 28.Rd8+ Kg7 29.Nxf7
Kxf7 30.b3 Rb5 31.Rd4 Rc5 32.Ra4 a5 33.e4 Kf6 34.exf5 exf5 35.Kg2
h5 36.h4 Ke5 37.Kf1 Rd5 38.Ke2 Rc5 1/2-1/2

[Event "Team women chess final 2021"]
[Site "?"]
[Date "2021.05.03"]
[Round "3.9"]
[White "Geller, Anastasiya"]
[Black "Ushenina, Anna"]
[Result "1/2-1/2"]
[WhiteElo "2192"]
[BlackElo "2416"]
[PlyCount "80"]
[EventDate "2021.??.??"]

1.e4 c5 2.Ne2 Nc6 3.Nbc3 e6 4.d4 cxd4 5.Nxd4 Qc7 6.Qd3 Nf6 7.Nxc6
dxc6 8.Qg3 Qxg3 9.hxg3 e5 10.f3 Be6 11.Be3 Nd7 12.g4 Bc5 13.Bxc5
Nxc5 14.O-O-O Ke7 15.Be2 f6 16.Rd2 h6 17.a4 a5 18.Kb1 Rad8 19.Rxd8
Rxd8 20.Kc1 Bf7 21.Rd1 Rxd1+ 22.Kxd1 Kd6 23.Kd2 Nd7 24.Nd1 Kc5
25.Kc3 b5 26.b3 Nb6 27.Nb2 bxa4 28.Nxa4+ Nxa4+ 29.bxa4 Be6 30.Bf1
g6 31.Bd3 Bd7 32.g3 Be6 33.Be2 Bg8 34.Bd3 Be6 35.Be2 h5 36.gxh5
gxh5 37.Bf1 Bf7 38.Ba6 Be6 39.Bf1 Bf7 40.Ba6 Be6 1/2-1/2